Diagnóstico Forestal de bosques de Árboles Solitarios en la parte del río Grande de Carazo
Presenta un diagnóstico forestal del bosque de árboles solitarios hasta el 2% de las especies comerciales en parte alta de la Sub Cuenca del Río Grande de Carazo, aplicado a instrumentos específicos se valora las condiciones ambientales del área de estudio. Describe propuesta de procedimiento m...
| Main Author: | |
|---|---|
| Other Authors: | |
| Format: | Tesis Section = Libro |
| Language: | Undetermined Spanish |
| Published: |
Managua
UNI
2004
|
| Subjects: |
| LEADER | 01467nam a2200265Ia 4500 | ||
|---|---|---|---|
| 008 | 240830s9999 xx 000 0 und d | ||
| 040 | |a BIBLIOTECA-RUSB/ T.Mon 333.75 L296 | ||
| 041 | |a spa | ||
| 082 | |a T.Mon 333.75 L296 | ||
| 100 | 1 | |a Lanuza Palacios, Fidel | |
| 245 | 1 | 0 | |a Diagnóstico Forestal de bosques de Árboles Solitarios en la parte del río Grande de Carazo |
| 260 | |a Managua |b UNI |c 2004 | ||
| 300 | |a 69 p. :il. | ||
| 500 | |a Contiene: anexos. | ||
| 502 | |a Tesis (Especialista en Gestión Ambiental y Proyectos de Desarrollo Rural) - UNI, 2004. | ||
| 520 | 3 | |a Presenta un diagnóstico forestal del bosque de árboles solitarios hasta el 2% de las especies comerciales en parte alta de la Sub Cuenca del Río Grande de Carazo, aplicado a instrumentos específicos se valora las condiciones ambientales del área de estudio. Describe propuesta de procedimiento metódico para la ejecución del diagnóstico forestal; aplicación del proceso metódico para el diagnóstico forestal en el área de estudio. | |
| 650 | 7 | |a TIERRAS FORESTALES - BOSQUES DE ARBOLES - CARAZO | |
| 650 | 7 | |b DIAGNÓSTICO FORESTAL - SUB CUENCA - RIO GRANDE | |
| 650 | 7 | |c CONDICIONES SOCIOECONOMICA - SUB CUENCA RIO GRANDE | |
| 650 | 7 | |d METODOLOGIA - DIAGNÓSTICO FORESTAL - ARBOLES SOLITARIOS | |
| 650 | 7 | |e TECNICAS DE LA TIERRA - CALIDAD DE VIDA | |
| 700 | 1 | |a Tutor: |b Gómez Ortega, Graciela Dionides | |
| 942 | |c BK |2 ddc | ||
| 991 | |a TESIS | ||
| 999 | |c 21719 | ||